000
00316nam a2200157Ia 4500
100
_a
Hoile/Cefn
650
_a
Projects
942
_c
BK
366
_f
25
245
_a
Make:Raspberry Pi and AVR projects
260
_b
SPD
_c
2014
082
_b
HOI
300
_a
234
546
_a
ENGLISH
_c
Computers
999
_c
22080
_d
22080